• 首页
  • 本馆介绍
  • 公告通知
  • 最新文献
  • 馆藏检索
  • 电子资源
  • 读者导购
  • 参考咨询
  • 我的图书馆
  • 登录
  • 详细信息显示
  • 放入我的书架
  • 预约/预借图书
  • 作者相关作品
  • 分类相关作品
  • 丛书相关作品
  • 出版社相关作品

书目信息

  • 表格格式
  • 工作单格式
  • 卡片格式
题名:
计算机语料库的建设与应用
    
 
作者: 王建新 编著
分册:  
出版信息: 北京   清华大学出版社  2005
页数: 311页
开本: 26cm
丛书名:
单 册:
中图分类: H08
科图分类:
主题词: 计算机应用--ji suan ji ying yong--词语--研究
电子资源:
ISBN: 7-302-10878-1
000 00831nam0 2200217 450
005 20061101153144.98
010    @a7-302-10878-1@dCNY39.00
100    @a20050928d2005 em y0chiy0121 ea
101 0  @achi
102    @aCN@b110000
105    @aak a 000yy
200 1  @a计算机语料库的建设与应用@Aji suan ji yu liao ku de jian she yu ying yong@f王建新编著
210    @a北京@c清华大学出版社@d2005
215    @a311页@c图@d26cm
320    @a有书目 (第298-311页)
330    @a计算机语料库是可以用计算机处理的电子文本库,是提高自然语言处理系统性能的重要工具,又是新兴的语料库语言学的研究基础,本书介绍如何收集建立计算机语料库和在诸多领域如何开发利用语料库。
606 0  @a计算机应用@Aji suan ji ying yong@x词语@x研究
690    @aH08@v4
701  0 @a王建新@Awang jian xin@4编著
801  0 @aCN@bBUPT@c20061101
905    @a10447@dH08@e110
    
    计算机语料库的建设与应用/王建新编著.-北京:清华大学出版社,2005
    311页:图;26cm
    
    
    ISBN 7-302-10878-1:CNY39.00
    计算机语料库是可以用计算机处理的电子文本库,是提高自然语言处理系统性能的重要工具,又是新兴的语料库语言学的研究基础,本书介绍如何收集建立计算机语料库和在诸多领域如何开发利用语料库。
●
相关链接 在E读中查询图书 在五车中查询图书 在当当中查询图书 在豆瓣中查询图书


正题名:计算机语料库的建设与应用     索取号:H08/110         预约/预借

序号 登录号 条形码 馆藏地/架位号 状态 备注
1 0387366   203873665   第二样本阅览室/ [索取号:H08/110] 在馆    
2 0387367   203873674   第四借阅区/ [索取号:H08/110] 在馆    
3 0387368   203873683   第四借阅区/ [索取号:H08/110] 在馆    
4 0387369   203873692   第四借阅区/ [索取号:H08/110] 在馆    
5 0387370   203873709   第四借阅区/ [索取号:H08/110] 在馆    
唐山师范学院图书馆 欢迎您!
大连网信软件有限公司© 版权所有